Contabilidad de costos (Registro nro. 3837)
[ vista simple ]
| 000 -CABECERA | |
|---|---|
| campo de control de longitud fija | 00610aam a2200241 4500 |
| 005 - FECHA Y HORA DE ACTUALIZACIÓN | |
| campo de control | 20230302150820.0 |
| 008 - LONGITUD FIJA | |
| campo de control de longitud fija | 150309b2006 xxu||||| |||| 00| 0 spa d |
| 041 ## - IDIOMA | |
| Código de idioma del texto/pista de sonido o título separado | Español |
| 082 ## - CLASIFICACIÓN DECIMAL DEWEY | |
| Número de clasificación | 657.42 S617c |
| 100 ## - AUTOR PERSONAL | |
| Nombre de persona | Sinisterra Valencia, Gonzalo |
| 245 ## - TÍTULO PROPIAMENTE DICHO | |
| Título | Contabilidad de costos |
| 260 ## - PIE DE IMPRENTA | |
| Lugar de publicación, distribución, etc. | Colombia |
| 260 ## - PIE DE IMPRENTA | |
| Nombre del editor, distribuidor, etc. | ECOE |
| 260 ## - PIE DE IMPRENTA | |
| Fecha de publicación, distribución, etc. | 2006 |
| 300 ## - DESCRIPCIÓN FÍSICA | |
| Extensión | 260 páginas |
| 650 ## - Materia General | |
| Materia general | CONTABILIDAD DE COSTOS |
| 650 ## - Materia General | |
| Materia general | COSTOS |
| 650 ## - Materia General | |
| Materia general | MATERIAS PRIMAS |
| 650 ## - Materia General | |
| Materia general | ORDENES DE TRABAJO |
| 650 ## - Materia General | |
| Materia general | COSTEO POR PROCESOS |
| 692 ## - Carreras | |
| Carrera | Dirección y Administración de Empresas |
| 942 ## - Punto de Acceso Adicional Koha | |
| Tipo de ítem Koha | Libro |
| Estado perdido | Estado dañado | No para préstamo | Biblioteca permanente | Biblioteca actual | Signatura completa | Código de barras | Precio efectivo a partir del | Programa Académico | Tipo de ítem |
|---|---|---|---|---|---|---|---|---|---|
| Departamento de Biblioteca y Documentación Alfonso Chase Brenes | Departamento de Biblioteca y Documentación Alfonso Chase Brenes | 657.42 S617c | 18853 | 02/09/2016 | Dirección y Administración de Empresas | Libro |